000 00652nam a22001817a 4500
003 OSt
005 20250204145547.0
008 240822b ||||| |||| 00| 0 eng d
040 _c0
082 _aDPer 658.8 J826 Winter-Spring 2021 v. 29 n. 1-2
100 _aTanner Jr., John F.
_eauthor.
_958880
245 _aThe state of business to business marketing research /
_cJohn F. Tanner Jr.
260 _aUSA ;
_bTaylor & Francis Group,
_cWinter 2021.
300 _avolume 29, pages 92-100.
500 _aJournal of Marketing Theory and Practice, vol. 29, pages 92-100, Winter 2021.
700 _aTanner Jr., John F.
_eauthor.
_958880
942 _2ddc
_cPER
999 _c20840
_d20840